[Event "Corus Chess 2009 - C"]
[Site "Wijk aan Zee"]
[Date "25.01.2009"]
[Round "8C"]
[White "Romanishin,O"]
[Black "Giri,A"]
[Result "0-1"]
[BlackElo "2469"]
[EventDate "2009.01.17"]
[WhiteElo "2533"]

1.Nf3 Nf6 2.g3 g6 3.Bg2 Bg7 4.O-O O-O 5.d4 d6 6.a4 a5 7.Nc3 d5 8.Ne5 c6
9.e4 dxe4 10.Nxe4 Nxe4 11.Bxe4 Bh3 12.Re1 Nd7 13.Nxd7 Qxd7 14.c3 e5 15.dxe5
Qxd1 16.Rxd1 Bxe5 17.Be3 Rfe8 18.Bg2 Bg4 19.f3 Be6 20.Kf2 Bc7 21.Bf1 Red8
22.Rxd8+ Rxd8 23.Be2 Bb3 24.f4 h5 25.Bd4 h4 26.Be3 hxg3+ 27.hxg3 Kg7 28.Bd4+
f6 29.Bf3 Rh8 30.Kg2 Kf7 31.Ra3 Be6 32.Ra1 Rd8 33.Rh1 Kg7 34.Re1 Kf7 35.Rh1
Kg7 36.Re1 Re8 37.Kf2 Bf7 38.Rxe8 Bxe8 39.b4 Bd7 40.Bd1 Kf7 41.Ke3 Bd6
42.Bc5 Bxc5+ 43.bxc5 g5 44.Bh5+ Ke7 45.Ke4 gxf4 46.gxf4 Be6 47.Bd1 Bg8
48.Kd4 Bh7 49.Bb3 Bf5 50.Ke3 Kf8 51.Kd4 Kg7 52.Ke3 Bb1 53.Kf3 Kg6 54.Kg4
Bf5+ 55.Kf3 Bd3 56.Kg4 Be2+ 57.Kg3 Bd3 58.Kg4 Be2+ 59.Kg3 Kf5 60.Bc2+ Ke6
61.Bb3+ Kd7 62.Kf2 Bg4 63.Ke3 Bf5 64.Kd4 Kc7 65.Bd1 Be6 66.Bc2 Bd5 67.Bd1
Kd7 68.Bg4+ Ke7 69.Bd1 Kf7 70.Bc2 Ke6 71.Ke3 Bg2 72.Kd4 Bh3 73.Bd3 Bg4
74.Bc2 Bh5 75.Kc4 Be2+ 76.Kd4 Bg4 77.Kc4 Bf5 78.Bd1 Be4 79.Bg4+ Kf7 80.Bh5+
Kg7 81.Bd1 Kg6 82.Kd4 Kf5 83.Ke3 Bd5 84.Bc2+ Kg4 85.Bd1+ Kg3 86.Bc2 Be6
87.Bd1 Kg2 88.Bc2 Kf1 89.Kf3 Ke1 90.Ke3 Bg4 91.Bg6 Bd1 92.Kd3 Bxa4 93.c4
Kf2 94.Bf7 Kf3 95.f5 Kf4 96.Be6 Bd1 97.Bc8 Bf3 98.Kc3 Ke5 99.Be6 Be4  
0-1

[Event "Corus Chess 2009 - C"]
[Site "Wijk aan Zee"]
[Date "27.01.2009"]
[Round "9C"]
[White "Giri,A"]
[Black "Pruijssers,R"]
[Result "1-0"]
[BlackElo "2444"]
[EventDate "2009.01.17"]
[WhiteElo "2469"]

1.d4 Nf6 2.c4 g6 3.Nc3 Bg7 4.e4 d6 5.Nf3 O-O 6.Be2 e5 7.Be3 Na6 8.O-O Ng4
9.Bg5 Qe8 10.c5 exd4 11.Nd5 Qxe4 12.Ne7+ Kh8 13.cxd6 Nc5 14.Bc4 d3 15.Bd5
Qe2 16.dxc7 Ne6 17.Nxc8 Raxc8 18.Bxe6 Qxe6 19.Bd8 Ne5 20.Re1 Qd5 21.Nxe5
Bxe5 22.Qd2 Bxc7 23.Bf6+   1-0

[Event "Corus Chess 2009 - C"]
[Site "Wijk aan Zee"]
[Date "27.01.2009"]
[Round "9C"]
[White "Gupta,Ab"]
[Black "Romanishin,O"]
[Result "1-0"]
[BlackElo "2533"]
[EventDate "2009.01.17"]
[WhiteElo "2569"]

1.d4 Nf6 2.c4 e6 3.Nc3 Bb4 4.Qc2 c5 5.dxc5 Bxc5 6.Nf3 Nc6 7.a3 Nd4 8.Nxd4
Bxd4 9.Bf4 e5 10.Bd2 O-O 11.e3 Bxc3 12.Bxc3 d6 13.Be2 Be6 14.O-O Rc8 15.Rfd1
Qc7 16.Bb4 Rfd8 17.Rac1 b6 18.Qb1 a5 19.Be1 a4 20.Bb4 g6 21.f3 Bf5 22.e4
Be6 23.Rc3 Nh5 24.g3 f6 25.Qc2 Qc6 26.Rcd3 Qxc4 27.Qxa4 Qc2 28.Qxc2 Rxc2
29.R3d2 Rdc8 30.Bc3 Rxd2 31.Rxd2 d5 32.exd5 Bd7 33.f4 exf4 34.g4 Ng7 35.Bxf6
Kf7 36.Bg5 h5 37.h3 hxg4 38.hxg4 Ne8 39.Rd4 Rc2 40.Rxf4+ Kg7 41.Re4 Rxb2
42.Kf1 Rb1+ 43.Kf2 Nd6 44.Re7+ Kf8 45.Re3 Nb7 46.d6 Rb2 47.Kg3 Rc2 48.Bf3
  1-0

[Event "Corus Chess 2009 - C"]
[Site "Wijk aan Zee"]
[Date "27.01.2009"]
[Round "9C"]
[White "Iturrizaga,E"]
[Black "Nijboer,F"]
[Result "1-0"]
[BlackElo "2560"]
[EventDate "2009.01.17"]
[WhiteElo "2528"]

1.d4 d6 2.c4 e5 3.Nf3 e4 4.Ng5 f5 5.Nc3 Be7 6.Nh3 Nf6 7.g3 c6 8.d5 O-O 9.Bg2
Nfd7 10.O-O Ne5 11.b3 c5 12.Nf4 Na6 13.Ne6 Bxe6 14.dxe6 Nc7 15.f3 Bf6 16.Bb2
exf3 17.exf3 f4 18.Nd5 Nxd5 19.Qxd5 Qe7 20.Rad1 Rad8 21.Bc1 Bg5 22.Rfe1
Nc6 23.h4 Bh6 24.g4 g5 25.hxg5 Bxg5 26.Bf1 Bf6 27.Bd3 Nb4 28.Qh5 Nxd3 29.Rxd3
Be5 30.Kg2 Qxe6 31.Bxf4 Qg6 32.Qxg6+ hxg6 33.Bxe5 dxe5 34.Rxd8 Rxd8 35.Rxe5
Rd2+ 36.Kg3 b6 37.Re7 Rxa2 38.Kf4 Kf8 39.Rb7 Rb2 40.Kg5 Rxb3 41.f4 b5 42.cxb5
  1-0

[Event "Corus Chess 2009 - C"]
[Site "Wijk aan Zee"]
[Date "27.01.2009"]
[Round "9C"]
[White "Leon Hoyos,M"]
[Black "Howell,D"]
[Result "0-1"]
[BlackElo "2622"]
[EventDate "2009.01.17"]
[WhiteElo "2542"]

1.Nf3 Nf6 2.c4 g6 3.Nc3 d5 4.cxd5 Nxd5 5.Qa4+ c6 6.Nxd5 Qxd5 7.e4 Qd8 8.d4
Bg7 9.Be2 O-O 10.O-O Nd7 11.Rd1 Nb6 12.Qc2 Bg4 13.a4 Bxf3 14.Bxf3 f5 15.Qb3+
Kh8 16.d5 cxd5 17.exd5 Nc8 18.Qxb7 Nd6 19.Qa6 Qc8 20.Qe2 Qb7 21.Bf4 Rab8
22.Be5 Bf6 23.Rac1 Rbd8 24.Qe3 Rd7 25.b3 Kg7 26.h4 Rb8 27.Rc3 h6 28.g4
Qb6 29.Qf4 Nf7 30.Bxb8 Bxc3 31.gxf5 g5 32.Qg3 Nd6 33.hxg5 Qxb8 34.gxh6+
Kh8 35.Bh5 Bf6 36.Kh1 Rd8 37.Bg6 Ne4 38.Qe3 Nd6 39.h7 Qb4 40.f4 Rc8 41.Re1
a5 42.Re2 Qa3 43.Kg2 Rb8 44.Qa7 Qb4 45.Kg3 Qxb3+ 46.Kg4 Qb1 47.Re1 Qb2
48.Re3 Rc8 49.Qxa5 Nc4   0-1

[Event "Corus Chess 2009 - C"]
[Site "Wijk aan Zee"]
[Date "27.01.2009"]
[Round "9C"]
[White "Harika,D"]
[Black "Hillarp Persson,T"]
[Result "1/2-1/2"]
[BlackElo "2586"]
[EventDate "2009.01.17"]
[WhiteElo "2473"]

1.d4 d5 2.c4 c6 3.Nf3 Nf6 4.e3 Bf5 5.Nc3 e6 6.Nh4 Be4 7.f3 Bg6 8.Qb3 Qb6
9.Nxg6 hxg6 10.Bd2 Nbd7 11.g3 Be7 12.O-O-O Qxb3 13.axb3 O-O-O 14.Kc2 a6
15.Bg2 e5 16.h4 exd4 17.exd4 Bd6 18.g4 Kb8 19.Ne2 Bc7 20.Bc1 Rhe8 21.Nf4
Nf8 22.c5 Ne6 23.Nxe6 Rxe6 24.Rhe1 Rde8 25.Rxe6 Rxe6 26.Kd3 Re8 27.Rh1
Nd7 28.g5 Nf8 29.Bh3 Ne6 30.Bxe6 fxe6 31.h5 gxh5 32.Rxh5 Rf8 33.Ke2 Kc8
34.Rh7 Rg8 35.g6 Kd8 36.Bg5+ Ke8 37.f4 Bd8 38.Kf3 Bxg5 39.fxg5 Ke7 40.Kf4
Rf8+ 41.Ke3 Rg8 42.Kf4 Rf8+ 43.Ke3 Rg8   1/2-1/2

[Event "Corus Chess 2009 - C"]
[Site "Wijk aan Zee"]
[Date "27.01.2009"]
[Round "9C"]
[White "Holzke,F"]
[Black "Bosboom,M"]
[Result "1-0"]
[BlackElo "2418"]
[EventDate "2009.01.17"]
[WhiteElo "2524"]

1.d4 Nf6 2.Nf3 g6 3.c4 Bg7 4.Nc3 O-O 5.e4 d6 6.Be2 Nbd7 7.O-O e5 8.Re1 exd4
9.Nxd4 Re8 10.Bf1 c6 11.Rb1 a5 12.f3 d5 13.cxd5 cxd5 14.Ndb5 dxe4 15.fxe4
Ne5 16.Qxd8 Rxd8 17.Bf4 Ne8 18.Nd5 Bd7 19.Bg5 f6 20.Bh4 Kf7 21.Nb6 Ra6
22.Bf2 Ng4 23.Nxd7 Rxd7 24.Bc4+ Ke7 25.Bc5+ Kd8 26.Nd4 Nc7 27.Bxa6 Nxa6
28.Ne6+ Ke8 29.Nxg7+ Rxg7 30.Bd4 Nb4 31.e5 f5 32.e6 Rc7 33.h3 Nh6 34.Bb6
Rc6 35.Bxa5 Nc2 36.Red1 Rxe6 37.Rbc1 Ne3 38.Rc8+ Kf7 39.Rd7+ Kf6 40.Bd8+
Ke5 41.Bg5   1-0

[Event "Corus Chess 2009 - C"]
[Site "Wijk aan Zee"]
[Date "27.01.2009"]
[Round "9C"]
[White "Bitalzadeh,A"]
[Black "So,W"]
[Result "0-1"]
[BlackElo "2627"]
[EventDate "2009.01.17"]
[WhiteElo "2400"]

1.c4 c5 2.Nf3 g6 3.g3 Nc6 4.Bg2 Bg7 5.Nc3 a6 6.O-O Rb8 7.d3 d6 8.Bg5 b5
9.Qc1 Bg4 10.Rb1 Qd7 11.b3 Bxf3 12.Bxf3 Nd4 13.Ne4 Nxf3+ 14.exf3 f5 15.Nc3
b4 16.Nd5 e6 17.Re1 Kf7 18.Nf4 h6 19.Nxe6 Re8 20.Nd8+ Rxd8 21.Bxd8 Qxd8
22.a3 a5 23.axb4 axb4 24.Qe3 Qd7 25.f4 Bc3 26.Re2 Nf6 27.Qf3 Qa7 28.Rc1
Qa8 29.Kg2 Qxf3+ 30.Kxf3 Ra8 31.h3 h5 32.Rb1 Ra3 33.Rc2 d5 34.cxd5 Nxd5
35.g4 Ne7 36.gxh5 gxh5   0-1

[Event "Corus Chess 2009 - C"]
[Site "Wijk aan Zee"]
[Date "28.01.2009"]
[Round "10C"]
[White "Giri,A"]
[Black "Gupta,Ab"]
[Result "1-0"]
[BlackElo "2569"]
[EventDate "2009.01.17"]
[WhiteElo "2469"]

1.d4 Nf6 2.c4 g6 3.Nc3 d5 4.cxd5 Nxd5 5.Bd2 Nb6 6.Nf3 Bg7 7.Bg5 O-O 8.e3
h6 9.Bh4 c5 10.dxc5 N6d7 11.Rc1 Nc6 12.Bb5 Nxc5 13.O-O g5 14.Bg3 Bf5 15.Qd5
Qxd5 16.Nxd5 Nd3 17.Bxc6 Nxc1 18.Rxc1 Bxb2 19.Rc5 Rad8 20.h3 Be6 21.Bxb7
Bxd5 22.Bxd5 Ba3 23.Ra5 Bb4 24.Rb5 a6 25.Bxf7+ Rxf7 26.Rxb4 Rd1+ 27.Kh2
Rf6 28.h4 Rg6 29.Rb8+ Kg7 30.Be5+ Kf7 31.Bd4 Rd6 32.hxg5 hxg5 33.Nxg5+
  1-0

[Event "Corus Chess 2009 - C"]
[Site "Wijk aan Zee"]
[Date "28.01.2009"]
[Round "10C"]
[White "Romanishin,O"]
[Black "Iturrizaga,E"]
[Result "0-1"]
[BlackElo "2528"]
[EventDate "2009.01.17"]
[WhiteElo "2533"]

1.Nf3 c5 2.g3 g6 3.c3 Bg7 4.d4 Qa5 5.Nbd2 cxd4 6.Nb3 Qb6 7.cxd4 Nf6 8.Bg2
d6 9.O-O a5 10.Nbd2 Nc6 11.Nc4 Qa6 12.Ne3 d5 13.Ne5 e6 14.b3 O-O 15.Bb2
Nd7 16.N3g4 f6 17.Nd3 Qb6 18.Nf4 Re8 19.e4 dxe4 20.Bxe4 f5 21.Bxc6 bxc6
22.Ne3 Ba6 23.Re1 e5 24.Nh5 Bh8 25.d5 Rad8 26.Rc1 c5 27.Qd2 gxh5 28.Nxf5
Qf6 29.Nh4 Bb7 30.f4 Qf7 31.f5 Qxd5   0-1

[Event "Corus Chess 2009 - C"]
[Site "Wijk aan Zee"]
[Date "28.01.2009"]
[Round "10C"]
[White "Bosboom,M"]
[Black "Bitalzadeh,A"]
[Result "1-0"]
[BlackElo "2400"]
[EventDate "2009.01.17"]
[WhiteElo "2418"]

1.e4 c5 2.Nf3 d6 3.d4 cxd4 4.Nxd4 Nf6 5.Nc3 Nc6 6.Bc4 Bd7 7.Bb3 g6 8.Nf3
Bg7 9.h3 O-O 10.O-O b5 11.Re1 b4 12.Nd5 a5 13.a4 Rc8 14.Bg5 Nxd5 15.exd5
Ne5 16.Nxe5 Bxe5 17.Rxe5 dxe5 18.d6 Re8 19.Qf3 Bf5 20.g4 Qxd6 21.gxf5 gxf5
22.Kh1 h6 23.Qh5 hxg5 24.Qxf7+ Kh8 25.Qh5+ Kg7 26.Rg1 g4 27.Qxf5 Qf6 28.Rxg4+
Kh6 29.Qe4 e6 30.Qe3+ Kh7 31.Qg3   1-0

[Event "Corus Chess 2009 - C"]
[Site "Wijk aan Zee"]
[Date "28.01.2009"]
[Round "10C"]
[White "Pruijssers,R"]
[Black "So,W"]
[Result "0-1"]
[BlackElo "2627"]
[EventDate "2009.01.17"]
[WhiteElo "2444"]

1.e4 c5 2.Nf3 Nc6 3.d4 cxd4 4.Nxd4 Qc7 5.Nc3 e6 6.Be3 a6 7.Qd2 Nf6 8.O-O-O
Bb4 9.f3 Ne5 10.Nb3 b5 11.Qd4 Be7 12.Qb6 Qxb6 13.Bxb6 d6 14.a3 O-O 15.Na5
Bd7 16.f4 Nc6 17.Be2 Rfc8 18.Bf3 Rab8 19.Nxc6 Bxc6 20.Ba5 Nd7 21.Bb4 Nc5
22.Rd2 Kf8 23.Rf1 Nb7 24.e5 dxe5 25.fxe5 Bxf3 26.Rxf3 Bxb4 27.axb4 Rc4
28.Rd7 Nd8 29.Rd6 Rxb4 30.Rfd3 Ke8 31.Rxa6 Rg4 32.Rad6 Rxg2 33.Nxb5 Rc8
34.Rd2 Rg1+ 35.Rd1 Rxd1+ 36.Rxd1 Ke7 37.Nd6 Rc7 38.b3 f5 39.Nc4 Rc5 40.Rg1
g6 41.h4 Nf7 42.Re1 h6 43.Kd2 g5 44.hxg5 hxg5 45.Kc3 g4 46.Re2 Rd5 47.b4
g3   0-1

[Event "Corus Chess 2009 - C"]
[Site "Wijk aan Zee"]
[Date "28.01.2009"]
[Round "10C"]
[White "Nijboer,F"]
[Black "Leon Hoyos,M"]
[Result "0-1"]
[BlackElo "2542"]
[EventDate "2009.01.17"]
[WhiteElo "2560"]

1.e4 c5 2.Nf3 Nc6 3.Nc3 g6 4.d4 cxd4 5.Nxd4 Bg7 6.Be3 Nf6 7.Bc4 O-O 8.Bb3
a5 9.O-O d6 10.Ndb5 b6 11.Qe2 Nd7 12.Bd5 Bb7 13.Rad1 Rc8 14.Na7 Nxa7 15.Bxb7
Rc7 16.Bd5 Qc8 17.Bb3 Bxc3 18.bxc3 b5 19.a3 a4 20.Ba2 Qb7 21.c4 Qxe4 22.Rd4
Qe6 23.c3 Nc6 24.Rh4 bxc4 25.Rxc4 d5 26.Rxa4 Nc5 27.Rh4 Qf6 28.Rf4 Qd6
29.Rd1 e6 30.Rh4 Ra8 31.Bf4 Qe7 32.Rh3 Rca7 33.Bc1 Ra4 34.c4 d4 35.Bb1
e5 36.Qf3 e4 37.Qf4 f5 38.Rg3 Kh8 39.Bb2 Ne6 40.Qc1 Rd8 41.Rb3 Qc5 42.Rb5
Qf8 43.c5 Ra7 44.Ba2 Ng7 45.Rb6 Rc7 46.h3 f4 47.Qc4 e3 48.fxe3 fxe3 49.Rf1
Qe7 50.Rxc6 e2 51.Rxc7 exf1=Q+ 52.Qxf1 Qxc7 53.Bxd4 Qd7 54.Bc3 Qe7 55.Qf2
h5 56.Bc4 Kh7 57.Bf1 Rd1 58.Bb4 Nf5 59.Bd2 h4 60.Bf4 Qe4 61.Kh2 Qb1 62.c6
Rxf1   0-1

[Event "Corus Chess 2009 - C"]
[Site "Wijk aan Zee"]
[Date "28.01.2009"]
[Round "10C"]
[White "Hillarp Persson,T"]
[Black "Holzke,F"]
[Result "1-0"]
[BlackElo "2524"]
[EventDate "2009.01.17"]
[WhiteElo "2586"]

1.e4 e5 2.Nf3 Nc6 3.Bc4 Bc5 4.c3 Nf6 5.d3 d6 6.h3 a6 7.Bb3 Ba7 8.Be3 O-O
9.Nbd2 Bxe3 10.fxe3 d5 11.exd5 Nxd5 12.Qe2 Be6 13.O-O Qe7 14.d4 exd4 15.exd4
Nf4 16.Qe4 Bxb3 17.Qxf4 Bd5 18.Nh4 f6 19.Rae1 Qf7 20.Nf5 Kh8 21.b3 Be6
22.Re3 Bxf5 23.Qxf5 Rae8 24.Rfe1 Rxe3 25.Rxe3 Re8 26.Rxe8+ Qxe8 27.Ne4
h6 28.Kf2 b6 29.Nd2 a5 30.Nc4 Qe7 31.Ne3 Nd8 32.Nd5 Qd6 33.Nf4 Kg8 34.Ke3
Qe7+ 35.Kd3 Qe1 36.Qd5+ Nf7 37.Qa8+ Kh7 38.Qe4+ Qxe4+ 39.Kxe4 c6 40.Kf5
Nd6+ 41.Ke6 Ne4 42.c4 g5 43.Nd3 Kg7 44.Kd7 c5 45.d5 f5 46.Ke6 f4 47.d6
Nxd6 48.Kxd6 Kf6 49.Kc6   1-0

[Event "Corus Chess 2009 - C"]
[Site "Wijk aan Zee"]
[Date "28.01.2009"]
[Round "10C"]
[White "Howell,D"]
[Black "Harika,D"]
[Result "0-1"]
[BlackElo "2473"]
[EventDate "2009.01.17"]
[WhiteElo "2622"]

1.e4 e5 2.Nf3 Nc6 3.Bb5 Nf6 4.Qe2 a6 5.Bxc6 dxc6 6.O-O Bg4 7.h3 Bxf3 8.Qxf3
Bd6 9.d3 Nd7 10.Nd2 Nf8 11.Nc4 Ne6 12.Be3 c5 13.a4 a5 14.g3 O-O 15.Qg2
c6 16.f4 exf4 17.gxf4 f5 18.Rae1 Bc7 19.Kh1 Qh4 20.e5 Qd8 21.Rf3 Qd5 22.Rg1
b5 23.Na3 c4 24.dxc4 bxc4 25.Qe2 Qe4 26.Rg2 c3 27.b3 Rad8 28.Nc4 Rd7 29.Kh2
Rfd8 30.Qf2 Rd2 31.Qg3 Rxc2 32.Rxc2 Qxc2+ 33.Bf2 Rd2 34.Rxc3 Rxf2+ 35.Kg1
Rg2+ 36.Qxg2 Qxc3 37.Qxc6 Qe1+ 38.Kh2 Qf2+ 39.Kh1 Qf1+ 40.Kh2 Qxf4+ 41.Kg1
Qg3+ 42.Kf1 Qxh3+ 43.Ke1 Qh4+ 44.Kf1 Qf4+ 45.Kg1 Qg4+ 46.Kf1 Qe2+ 47.Kg1
Qe1+ 48.Kh2 Bxe5+   0-1

[Event "Corus Chess 2009 - C"]
[Site "Wijk aan Zee"]
[Date "30.01.2009"]
[Round "11C"]
[White "Bitalzadeh,A"]
[Black "Hillarp Persson,T"]
[Result "1-0"]
[BlackElo "2586"]
[EventDate "2009.01.17"]
[WhiteElo "2400"]

1.e4 c5 2.Nf3 e6 3.d4 cxd4 4.Nxd4 a6 5.Nc3 d6 6.Be3 Nf6 7.f3 b5 8.g4 b4
9.Nce2 h6 10.Qd2 e5 11.Nf5 g6 12.Nfg3 Nc6 13.O-O-O Be6 14.g5 hxg5 15.Bxg5
Be7 16.Kb1 Qa5 17.Nc1 Nd4 18.Qe3 Rc8 19.Bd3 Qa4 20.Rd2 Rc5 21.Nge2 Rh3
22.Ng3 Ra5 23.b3 Qa3 24.Bf1 Rh8 25.h4 Nh5 26.Nxh5 Rxh5 27.Bxe7 Kxe7 28.Be2
Rc5 29.Rhd1 Rc3 30.Qf2 Rh8 31.Rxd4 exd4 32.Qxd4 Rd8 33.h5 gxh5 34.f4 Qa5
35.f5 Bc8 36.Bxh5 Qe5 37.Qxb4 a5 38.Qb6 Qxe4 39.f6+ Ke8 40.Nd3 Be6 41.Re1
Qf5 42.Bxf7+ Kxf7 43.Qxd8 Rxd3 44.Qe7+ Kg6 45.Rg1+ Kh5 46.Qe8+   1-0

[Event "Corus Chess 2009 - C"]
[Site "Wijk aan Zee"]
[Date "30.01.2009"]
[Round "11C"]
[White "Gupta,Ab"]
[Black "Pruijssers,R"]
[Result "0-1"]
[BlackElo "2444"]
[EventDate "2009.01.17"]
[WhiteElo "2569"]

1.d4 Nf6 2.c4 g6 3.Nc3 Bg7 4.e4 d6 5.f3 O-O 6.Nge2 c5 7.d5 e6 8.Ng3 exd5
9.cxd5 h5 10.Bg5 Qb6 11.Qd2 Nh7 12.Be3 h4 13.Nge2 Nd7 14.Nf4 Ne5 15.Be2
a6 16.g4 Qa5 17.Nh3 b5 18.Bh6 Bd7 19.Rg1 f6 20.Be3 Ng5 21.Bxg5 fxg5 22.Kf2
Rxf3+ 23.Kg2 Raf8 24.Raf1 Bxg4 25.Nxg5 Bh6 26.Bxf3 Nxf3 27.Qf2 h3+ 28.Kg3
Bxg5 29.Qc2 Qd8 30.Kxg4 Qd7+   0-1

[Event "Corus Chess 2009 - C"]
[Site "Wijk aan Zee"]
[Date "30.01.2009"]
[Round "11C"]
[White "Iturrizaga,E"]
[Black "Giri,A"]
[Result "0-1"]
[BlackElo "2469"]
[EventDate "2009.01.17"]
[WhiteElo "2528"]

1.d4 d5 2.c4 c6 3.Nf3 Nf6 4.e3 Bf5 5.Nc3 e6 6.Nh4 Bg6 7.Bd2 Nbd7 8.Nxg6
hxg6 9.Qc2 Bd6 10.h3 O-O 11.O-O-O Qe7 12.g4 dxc4 13.g5 Nd5 14.h4 c5 15.Nxd5
exd5 16.Bg2 cxd4 17.exd4 Nb6 18.h5 c3 19.bxc3 Ba3+ 20.Kb1 Qd6 21.Rh4 Nc4
22.Bf4 Qb6+ 23.Qb3 Qc6 24.Rdh1 Rfe8 25.Bc1 Rad8 26.hxg6 fxg6 27.Qc2 Bxc1
28.Qxc1 Re2 29.Rh8+ Kf7 30.Rxd8 Qb6+ 31.Ka1 Qxd8 32.Qb1 Qd7 33.Bf1 Na3
34.Qd3 Rxf2 35.Bh3 Qe7 36.Rf1 Rxf1+ 37.Qxf1+ Ke8 38.Qc1 Nc4 39.Qb1 Qxg5
40.Qb5+ Kf8 41.Qb4+ Qe7 42.Kb1 Qxb4+ 43.cxb4 Ke7 44.Kc2 Nd6 45.Kd3 Nf5
46.a4 Ke6 47.Bg4 g5 48.Bh5 Ne7 49.Bg4+ Kd6 50.b5 b6 51.Ke3 g6 52.Bh3 Nf5+
53.Kd3 Nh6 54.Ke3 g4 55.Bf1 Nf5+ 56.Kd3 g3 57.Bh3 g5   0-1

[Event "Corus Chess 2009 - C"]
[Site "Wijk aan Zee"]
[Date "30.01.2009"]
[Round "11C"]
[White "Leon Hoyos,M"]
[Black "Romanishin,O"]
[Result "1-0"]
[BlackElo "2533"]
[EventDate "2009.01.17"]
[WhiteElo "2542"]

1.d4 Nf6 2.Bg5 d5 3.e3 Nbd7 4.Nf3 Ne4 5.Bh4 Ndf6 6.Bd3 g6 7.c4 dxc4 8.Qa4+
c6 9.Qxc4 Bg7 10.Qc2 Nd6 11.e4 Nb5 12.d5 Qa5+ 13.Nbd2 cxd5 14.e5 Ne4 15.O-O
O-O 16.Bxe7 Re8 17.Bc5 Bf5 18.b4 Na3 19.Qd1 Qd8 20.Re1 Nxd2 21.Qxd2 Nc4
22.Bxc4 dxc4 23.Qf4 Bd3 24.Bd6 Qd7 25.Re3 h6 26.Rd1 a5 27.a3 axb4 28.axb4
Ra2 29.Rde1 Qf5 30.Qd4 g5 31.h3 Re6 32.Bc5 Rg6 33.g4 Qf4 34.Qd5 h5 35.gxh5
Re6 36.Qd8+ Kh7 37.Nxg5+ Kh6 38.Rg3 Rxe5 39.Rxe5 Ra1+ 40.Kh2 Bxe5 41.Be3
Qxe3 42.Nxf7+ Kxh5 43.fxe3 Ra2+ 44.Kg1 Ra1+ 45.Kf2   1-0

[Event "Corus Chess 2009 - C"]
[Site "Wijk aan Zee"]
[Date "30.01.2009"]
[Round "11C"]
[White "Harika,D"]
[Black "Nijboer,F"]
[Result "0-1"]
[BlackElo "2560"]
[EventDate "2009.01.17"]
[WhiteElo "2473"]

1.d4 d6 2.g3 g6 3.Bg2 Bg7 4.c4 Nf6 5.Nf3 O-O 6.O-O Nc6 7.Nc3 Rb8 8.Re1 a6
9.Rb1 Na5 10.Qd3 b5 11.cxb5 axb5 12.b4 Nc4 13.d5 e6 14.dxe6 Bxe6 15.Nd4
Ne5 16.Qd1 Bd7 17.Bg5 h6 18.Bxf6 Qxf6 19.Nd5 Qd8 20.Rc1 c6 21.Ne3 d5 22.Nb3
Ra8 23.Rc2 Qe7 24.Nc5 Ra3 25.Qc1 Rfa8 26.f4 Nc4 27.Nxc4 bxc4 28.e4 Bd4+
29.Kh1 Bxc5 30.bxc5 Qxc5 31.f5 g5 32.Qd2 d4 33.Qf2 R8a5 34.e5 d3 35.e6
dxc2 36.exd7 Qxf2 37.d8=Q+ Kh7 38.Qe8 Qxe1+ 39.Qxe1 Rxa2 40.Bf1 Ra1   0-1

[Event "Corus Chess 2009 - C"]
[Site "Wijk aan Zee"]
[Date "30.01.2009"]
[Round "11C"]
[White "Holzke,F"]
[Black "Howell,D"]
[Result "1/2-1/2"]
[BlackElo "2622"]
[EventDate "2009.01.17"]
[WhiteElo "2524"]

1.d4 Nf6 2.Nf3 g6 3.c4 Bg7 4.Nc3 O-O 5.e4 c6 6.Be2 d6 7.O-O a6 8.Re1 b5
9.e5 Ne8 10.Bg5 f6 11.Bh4 Kh8 12.h3 Ra7 13.a3 Nd7 14.e6 Nb6 15.d5 cxd5
16.cxd5 Bb7 17.Qd4 Ra8 18.Red1 Rc8 19.Bg3 f5 20.Qh4 Nf6 21.Ng5 Qe8 22.Rac1
Rc5 23.Bf3 h6 24.Nf7+ Rxf7 25.exf7 Qxf7 26.Bf4 Rc4 27.Qg3 g5 28.Bd2 f4
29.Qh2 Nbd7 30.h4 Kg8 31.hxg5 hxg5 32.Be2 Rc5 33.b4 Rc8 34.Qh3 Ne5 35.Qf5
Qg6 36.Qe6+ Qf7 37.Qf5 Qg6 38.Qe6+ Qf7 39.Qf5   1/2-1/2

[Event "Corus Chess 2009 - C"]
[Site "Wijk aan Zee"]
[Date "30.01.2009"]
[Round "11C"]
[White "So,W"]
[Black "Bosboom,M"]
[Result "1-0"]
[BlackElo "2418"]
[EventDate "2009.01.17"]
[WhiteElo "2627"]

1.e4 d5 2.exd5 Qxd5 3.Nc3 Qd6 4.d4 Nf6 5.Nf3 a6 6.g3 Bg4 7.Bg2 e6 8.O-O
c6 9.Bf4 Qd8 10.h3 Bxf3 11.Qxf3 Be7 12.Ne2 O-O 13.Qb3 Ra7 14.c4 b5 15.Rfc1
Bd6 16.Be5 bxc4 17.Rxc4 Nd5 18.Nc3 Bxe5 19.dxe5 Qg5 20.Re1 Nd7 21.Rxc6
Nxe5 22.Bxd5 exd5 23.Qxd5 Re7 24.Re3 h6 25.Rxa6 Qf5 26.Kg2 Qc8 27.Ra4 Rd8
28.Qb5 Rd2 29.Rxe5 Rxb2 30.Rc5 Rxf2+ 31.Kxf2 Qxh3 32.Ra8+ Kh7 33.Rh5  
1-0

[Event "Corus Chess 2009 - C"]
[Site "Wijk aan Zee"]
[Date "31.01.2009"]
[Round "12C"]
[White "Pruijssers,R"]
[Black "Bosboom,M"]
[Result "1-0"]
[BlackElo "2418"]
[EventDate "2009.01.17"]
[WhiteElo "2444"]

1.e4 c6 2.d4 d5 3.Nc3 g6 4.e5 Nh6 5.h3 f6 6.Nf3 Bg7 7.Bf4 O-O 8.Qd2 Nf7
9.O-O-O a5 10.exf6 exf6 11.Re1 a4 12.a3 Nd7 13.h4 Nb6 14.Bd3 Bg4 15.h5
Nc4 16.Bxc4 dxc4 17.hxg6 hxg6 18.d5 g5 19.Bg3 Bxf3 20.gxf3 f5 21.f4 Qa5
22.fxg5 cxd5 23.g6 d4 24.gxf7+ Rxf7 25.Nd1 c3 26.Qd3 Rc8 27.Kb1 cxb2 28.Bd6
Qd5 29.Bb4 Rfc7 30.Qh3 d3 31.Qh7+ Kf7 32.Qh5+ Kf6 33.c4 Qxc4 34.Bc3+ Qxc3
35.Nxc3 Rxc3 36.Qh4+ Kf7 37.Qe7+ Kg8 38.Qe6+ Kf8 39.Qxf5+ Kg8 40.Qe6+ Kf8
41.Qd6+ Kg8 42.Rhg1   1-0

[Event "Corus Chess 2009 - C"]
[Site "Wijk aan Zee"]
[Date "31.01.2009"]
[Round "12C"]
[White "Hillarp Persson,T"]
[Black "So,W"]
[Result "0-1"]
[BlackElo "2627"]
[EventDate "2009.01.17"]
[WhiteElo "2586"]

1.d4 d5 2.c4 c6 3.Nf3 Nf6 4.e3 a6 5.Bd3 Bg4 6.Qb3 Bxf3 7.gxf3 Qc7 8.Nc3
e6 9.a4 Nbd7 10.cxd5 cxd5 11.a5 Nb8 12.Bd2 Nc6 13.Ke2 Bd6 14.Na4 O-O 15.Qb6
Qe7 16.Nc5 Rab8 17.f4 Bc7 18.Qb3 Bxf4 19.Qc3 e5 20.Nb3 Rfc8 21.dxe5 Bxe5
22.Qc5 Nd4+ 23.Qxd4 Bxd4 24.Nxd4 Ne4 25.Rag1 g6 26.Bxe4 dxe4 27.h4 Rc4
28.Bc3 Rxc3 29.bxc3 Qc7 30.Kf1 Qxa5 31.h5 Qa1+ 32.Kg2 Qxc3 33.hxg6 fxg6
34.Rh4 Re8 35.Rb1 b5 36.Rhh1 Qc5 37.Rbc1 Qg5+ 38.Kf1 Rf8 39.Rh2 Qxe3  
0-1

[Event "Corus Chess 2009 - C"]
[Site "Wijk aan Zee"]
[Date "31.01.2009"]
[Round "12C"]
[White "Howell,D"]
[Black "Bitalzadeh,A"]
[Result "1-0"]
[BlackElo "2400"]
[EventDate "2009.01.17"]
[WhiteElo "2622"]

1.e4 c5 2.Nf3 e6 3.c3 Nf6 4.e5 Nd5 5.d4 cxd4 6.cxd4 d6 7.Bc4 Nc6 8.O-O Be7
9.exd6 Qxd6 10.Nc3 Nxc3 11.bxc3 O-O 12.Re1 b6 13.Ng5 h6 14.Ne4 Qc7 15.Qg4
Kh7 16.Bxh6 Kxh6 17.Qh3+ Kg6 18.g4   1-0

[Event "Corus Chess 2009 - C"]
[Site "Wijk aan Zee"]
[Date "31.01.2009"]
[Round "12C"]
[White "Nijboer,F"]
[Black "Holzke,F"]
[Result "1-0"]
[BlackElo "2524"]
[EventDate "2009.01.17"]
[WhiteElo "2560"]

1.e4 e5 2.Nf3 Nc6 3.Bb5 a6 4.Ba4 Nf6 5.O-O Bc5 6.c3 b5 7.Bc2 d5 8.d4 dxe4
9.Nbd2 exf3 10.Qxf3 Be7 11.Qxc6+ Bd7 12.Qf3 exd4 13.Ne4 O-O 14.Rd1 Nxe4
15.Bxe4 Ra7 16.Bf4 dxc3 17.Qxc3 c5 18.Rd3 Qb6 19.Re1 Bf6 20.Qc2 Bd4 21.Bxh7+
Kh8 22.Be4 Re8 23.Qd1 g6 24.b4 Qf6 25.bxc5 Bxf2+ 26.Kxf2 Qxf4+ 27.Bf3 Qh4+
28.Kf1 Rxe1+ 29.Qxe1 Qxh2 30.Qe7 Qh1+ 31.Kf2 Qc1 32.Qf8+ Kh7 33.Qxf7+ Kh6
34.Qf8+ Kh7 35.Qe7+ Kh6 36.Qh4+ Kg7 37.Qd4+ Kh6 38.c6 Bf5 39.Rd1 Qc2+ 40.Rd2
  1-0

[Event "Corus Chess 2009 - C"]
[Site "Wijk aan Zee"]
[Date "31.01.2009"]
[Round "12C"]
[White "Romanishin,O"]
[Black "Harika,D"]
[Result "1-0"]
[BlackElo "2473"]
[EventDate "2009.01.17"]
[WhiteElo "2533"]

1.d4 d5 2.Nf3 Nf6 3.c4 c6 4.e3 Bg4 5.h3 Bxf3 6.Qxf3 e6 7.Nc3 Nbd7 8.Bd3
Bd6 9.O-O O-O 10.Qd1 dxc4 11.Bxc4 e5 12.Qb3 Nb6 13.dxe5 Bxe5 14.Be2 Qe7
15.Bd2 Rfd8 16.Rad1 Bc7 17.Bc1 Qe5 18.g3 h5 19.Qb4 a5 20.Qf4 a4 21.a3 Qe7
22.Qg5 Be5 23.Ne4 Nbd5 24.Nxf6+ Qxf6 25.Qxf6 Nxf6 26.Rxd8+ Rxd8 27.Rd1
Rc8 28.Kg2 b5 29.Rd2 h4 30.gxh4 Ne4 31.Rc2 Nd6 32.e4 c5 33.f4 Bd4 34.e5
Nf5 35.Bxb5 Nxh4+ 36.Kg3 Nf5+ 37.Kg4 Nh6+ 38.Kf3 Ra8 39.Bc6 Ra6 40.Bb5
Ra5 41.Bd3 g6 42.Rc4 Ra8 43.Bc2 Rb8 44.Rxa4 Bxb2 45.Be3 Rc8 46.Ra5 Bd4
47.a4 Nf5 48.Bxf5 gxf5 49.Rb5 Kg7 50.h4 Bxe3 51.Kxe3 c4 52.Rb2 c3 53.Rg2+
Kh6 54.Kd3 Kh5 55.Kc2 Kxh4 56.Rg5 Rc7 57.Rxf5 Kg4 58.Rf6 Kf3 59.a5 Ke3
60.a6 Ke4 61.Rb6 Kxf4 62.Rb5 Kf5 63.Ra5 Ra7 64.Kxc3 Ke6 65.Kb4 Kd7 66.Kb5
Kc7 67.Kc5 Kb8 68.Rb5+ Ka8 69.Rb7 Rxa6 70.Rxf7 Kb8 71.Rf6 Ra1 72.Kc6 Rc1+
73.Kd7 Kb7 74.e6 Rd1+ 75.Ke8 Kc7 76.e7 Rh1 77.Kf7 Rh7+ 78.Ke6   1-0

[Event "Corus Chess 2009 - C"]
[Site "Wijk aan Zee"]
[Date "31.01.2009"]
[Round "12C"]
[White "Giri,A"]
[Black "Leon Hoyos,M"]
[Result "1-0"]
[BlackElo "2542"]
[EventDate "2009.01.17"]
[WhiteElo "2469"]

1.d4 d6 2.Nf3 Bg4 3.g3 Bxf3 4.exf3 g6 5.c4 Nd7 6.Bg2 Bg7 7.O-O c6 8.Nc3
Nb6 9.d5 Rc8 10.Qd3 Nf6 11.Be3 cxd5 12.cxd5 Nfd7 13.Bd4 Bxd4 14.Qxd4 O-O
15.Rfe1 Nf6 16.Re2 Rc4 17.Qd3 a6 18.Rae1 Rc7 19.f4 Nc4 20.b3 Na3 21.Bh3
Rc5 22.Ne4 Nxe4 23.Rxe4 Rc7 24.f5 Nb5 25.fxg6 hxg6 26.a4 Na7 27.Qd4 b5
28.Rh4 f6 29.Qe3 g5 30.Qe4 f5 31.Qe6+ Kg7 32.Qh6+ Kf7 33.Bxf5   1-0